书目信息 |
| 题名: |
两地书
|
|
| 作者: | 鲁迅, , 许广平, 著 | |
| 分册: | ||
| 出版信息: | 天津 天津人民出版社 2019.12 |
|
| 页数: | 289页 | |
| 开本: | 21cm | |
| 丛书名: | ||
| 单 册: | ||
| 中图分类: | I266.5 | |
| 科图分类: | ||
| 主题词: | 书信集--shu xin ji--中国--现代 | |
| 电子资源: | ||
| ISBN: | 978-7-201-15392-6 | |
| 000 | 01082nam0 2200265 450 | |
| 001 | CAL 0120192903587 | |
| 005 | 20230217093113.0 | |
| 010 | @a978-7-201-15392-6@dCNY39.80 | |
| 100 | @a20191218d2019 em y0chiy0120 ea | |
| 101 | 0 | @achi |
| 102 | @aCN@b120000 | |
| 105 | @ay z 000ey | |
| 106 | @ar | |
| 200 | 1 | @a两地书@Aliang di shu@f鲁迅, 许广平著 |
| 210 | @a天津@c天津人民出版社@d2019.12 | |
| 215 | @a289页@d21cm | |
| 300 | @a果麦 | |
| 314 | @a鲁迅, 著名文学家、思想家、教育家。许广平, 笔名景宋。 | |
| 330 | @a本书是鲁迅和许广平的书信集。《两地书》收录了1925年3月到1929年6月间鲁迅和许广平的通信, 完整记载了两个人的爱情轨迹。4年相恋, 4座城市辗转, 135封书信往来, 11年倾心相伴。从北京到厦门到广州到上海, 一边畅聊国家大事人生理想, 一边明示暗示谈着恋爱。鲁迅和许广平互为知己、患难相伴、倾心相陪。这段岁月是两个人生命中最为美好的时光。 | |
| 606 | 0 | @a书信集@Ashu xin ji@y中国@z现代 |
| 690 | @aI266.5@v5 | |
| 701 | 0 | @a鲁迅,@Alu xun@f1881-1936@4著 |
| 701 | 0 | @a许广平,@Axu guang ping@f1898-1968@4著 |
| 801 | 0 | @aCN@bBJXHZP@c20230228 |
| 905 | @b1407074-7@dI266.5@e4676@f4 | |
| 两地书/鲁迅, 许广平著.-天津:天津人民出版社,2019.12 |
| 289页;21cm |
| 果麦 |
| ISBN 978-7-201-15392-6:CNY39.80 |
| 本书是鲁迅和许广平的书信集。《两地书》收录了1925年3月到1929年6月间鲁迅和许广平的通信, 完整记载了两个人的爱情轨迹。4年相恋, 4座城市辗转, 135封书信往来, 11年倾心相伴。从北京到厦门到广州到上海, 一边畅聊国家大事人生理想, 一边明示暗示谈着恋爱。鲁迅和许广平互为知己、患难相伴、倾心相陪。这段岁月是两个人生命中最为美好的时光。 |
| ● |
| 相关链接 |
|
|
|
|
正题名:两地书
索取号:I266.5/4676
 
预约/预借
| 序号 | 登录号 | 条形码 | 馆藏地/架位号 | 状态 | 备注 |
| 1 | 1407074 | 214070743 | 第一样本阅览室/ [索取号:I266.5/4676] | 在馆 | |
| 2 | 1407075 | 214070752 | 第二借阅区/ [索取号:I266.5/4676] | 在馆 | |
| 3 | 1407076 | 214070761 | 第二借阅区/ [索取号:I266.5/4676] | 在馆 | |
| 4 | 1407077 | 214070770 | 第二借阅区/ [索取号:I266.5/4676] | 在馆 |